Statistics for Orthodox Countries

Click here to take the quiz!

General Stats

  • This quiz has been taken 38,191 times
    (37,705 since last reset)
  • The average score is 14 of 20

Answer Stats

% Country % Correct
59Russia
97%
88Greece
92%
71Ukraine
87%
87Romania
83%
86Serbia
82%
71Bulgaria
81%
55Belarus
80%
16Latvia
76%
65North Macedonia
76%
14Estonia
75%
88Georgia
74%
99Armenia
73%
93Moldova
71%
31Bosnia and Herzegovina
71%
72Montenegro
68%
78Cyprus
60%
26Kazakhstan
59%
9Egypt
42%
55Ethiopia
30%
57Eritrea
22%

Score Distribution

Percentile by Number Answered

Percent of People with Each Score

Your Score History

You have not taken this quiz since the last reset